000 00570nam a2200181 a 4500
001 5542
003 CO-ViMGA
008 141112s2004 ck r 000 u spa d
040 _aCO-ViMGA
_bspa
_cCO-ViMGA
082 0 4 _a350 B177ca
100 1 _aBarrza, Javier Indalecio
_93878
245 1 0 _aEl control de la administración pública /
_cBarraza Javier Indalecio , Schfrik Fabiana Haydee
260 _aBuenos Aires :
_bAbeledo - Perrot,
_c1995
300 _a229 p
650 1 4 _aADMINISTRACION PUBLICA
_951587
650 1 4 _aSchafrik, Fabiana Haydee
_93879
942 _2ddc
_cBK
999 _c17526
_d17526